The noble scholar, jurist, historian


 His Excellency Dr. Abdul Wahhab bin Ibrahim Abu Sulaiman, may Allah have mercy on him.


 He was born in Umm Al-Qura in the year 1356 AH.

إنية وأصالة / (Record no. 13339)

MARC details
000 -LEADER
fixed length control field 01354caa a2200289 ib4500
003 - CONTROL NUMBER IDENTIFIER
control field SA-RiAUC
005 - DATE AND TIME OF LATEST TRANSACTION
control field 20251119124421.0
008 - FIXED-LENGTH DATA ELEMENTS--GENERAL INFORMATION
fixed length control field 251005s1975 ae g bo f000f0 ara c
040 ## - CATALOGING SOURCE
Original cataloging agency SA-JeALM
Language of cataloging ara
Transcribing agency SA-RiAUC
Description conventions rda
082 04 - DEWEY DECIMAL CLASSIFICATION NUMBER
Classification number 081
090 ## - LOCALLY ASSIGNED LC-TYPE CALL NUMBER (OCLC); LOCAL CALL NUMBER (RLIN)
Classification number (OCLC) (R) ; Classification number, CALL (RLIN) (NR) 081
Local cutter number (OCLC) ; Book number/undivided call number, CALL (RLIN) ن ا ي
100 1# - MAIN ENTRY--PERSONAL NAME
Personal name نايت بلقاسم، مولود قاسم،
Dates associated with a name 1927-1992
Relator term مؤلف.
245 10 - TITLE STATEMENT
Title إنية وأصالة /
Statement of responsibility, etc. مولود قاسم.
246 37 - VARYING FORM OF TITLE
Title proper/short title عالم الكتب
264 ## - PRODUCTION, PUBLICATION, DISTRIBUTION, MANUFACTURE, AND COPYRIGHT NOTICE
Place of production, publication, distribution, manufacture الجزائر:
Name of producer, publisher, distributor, manufacturer وزارة التعليم.
Date of production, publication, distribution, manufacture, or copyright notice 1975
300 ## - PHYSICAL DESCRIPTION
Extent 649 صفحة؛
Dimensions 24 سم
336 ## - CONTENT TYPE
Content type term نص
Content type code txt
Source rdacontent
Materials specified مقالة
337 ## - MEDIA TYPE
Media type term بدون وسيط
Media type code n
Source rdamedia
338 ## - CARRIER TYPE
Carrier type term مجلد
Carrier type code nc
Source rdacarrier
504 ## - BIBLIOGRAPHY, ETC. NOTE
Bibliography, etc. note يشتمل على إرجاعات ببليوجرافية.
580 ## - LINKING ENTRY COMPLEXITY NOTE
Linking entry complexity note في : مجلة الثقافة.
650 #7 - SUBJECT ADDED ENTRY--TOPICAL TERM
Topical term or geographic name entry element المقالات العربية
Form subdivision مراجعات الكتب
-- مقالات ومحاضرات
Source of heading or term aucsh
740 02 - ADDED ENTRY--UNCONTROLLED RELATED/ANALYTICAL TITLE
Uncontrolled related/analytical title إنية وأصالة.
773 0# - HOST ITEM ENTRY
Main entry heading الجزائر. وزارة الإعلام والثقافة
Title مجلة الثقافة / وزارة الإعلام والثقافة.
Related parts سنة 5، عدد 29 (رمضان / شوال 1395 هجري = أكتوبر / نوفمبر 1975)، صفحة 53-62
Place, publisher, and date of publication الجزائر : وزارة الإعلام والثقافة
942 ## - ADDED ENTRY ELEMENTS (KOHA)
Source of classification or shelving scheme Dewey Decimal Classification
Koha item type Books
Suppress in OPAC No
949 ## - LOCAL PROCESSING INFORMATION (OCLC)
a SA-JeALM
d 251005
u mohamedma123
n 1
Holdings
Withdrawn status Lost status Source of classification or shelving scheme Damaged status Not for loan Home library Current library Date acquired Total checkouts Full call number Barcode Date last seen Price effective from Koha item type
    Dewey Decimal Classification     DR AbdElwahab Library DR AbdElwahab Library 11/19/2025   081 ن ا ي 000021265 11/19/2025 11/19/2025 Books